| 000 | 00861nam a2200217 a 4500 | ||
|---|---|---|---|
| 001 | 64885 | ||
| 003 | BD-RjUL | ||
| 005 | 20211209081350.0 | ||
| 008 | 170223s1963 ii ||||| |||| 00| 0 eng d | ||
| 035 | _a(BD-RjUL)65015 | ||
| 040 |
_aBD-RjUL _bben _cBD-RjUL _dBD-RjUL |
||
| 041 | _aben | ||
| 082 |
_223 _a370.92 _bGUM 1963 |
||
| 100 | 1 |
_aগুহরায়, নগেন্দ্র কুমার _9184876 |
|
| 245 |
_aমহাযোগী শ্রীঅরবিন্দ / _cনগেন্দ্র কুমার গুহরায় |
||
| 260 |
_aকলিকাতা : _bশ্রীগুরু লাইব্রেরী, _c১৯৬৩ [১৩৭০] |
||
| 300 |
_a২২২ পৃ. ; _c২২ সেমি. |
||
| 650 |
_aশিক্ষাবীদ _vজীবনী _9170385 |
||
| 650 |
_aEducationalist _vBiography _9170386 |
||
| 942 |
_2ddc _cBK |
||
| 999 |
_c64885 _d64885 |
||